| 000 | 00532cam a2200193 4500500 | ||
|---|---|---|---|
| 005 | 20260329004458.0 | ||
| 041 | _afre | ||
| 042 | _adc | ||
| 245 | 0 | 0 | _aL’Imagement |
| 260 | _c2020. | ||
| 500 | _a7 | ||
| 690 | _aImage | ||
| 690 | _aJean-Christophe Bailly | ||
| 690 | _aMouvement | ||
| 690 | _aRéel | ||
| 690 | _aTemps | ||
| 786 | 0 | _nPhilosophie magazine | 136 | 2 | 2020-02-01 | p. 61-61 | 1951-1787 | |
| 856 | 4 | 1 | _uhttps://shs.cairn.info/magazine-philosophie-magazine-2020-2-page-61?lang=fr&redirect-ssocas=7080 |
| 999 |
_c1834293 _d1834293 |
||